000 00541nam a2200217Ia 4500
003 OSt
005 20221005124247.0
006 a|||||r|||| 00| 0
007 ta
008 221004b |||||||| |||| 00| 0 snd d
024 _a6767
037 _cTextual
040 _aCRL
_cCRL
_bsnd
041 _2snd
_asnd
082 _aO1593,3NKHx, L3
100 _aKhatwani Krishin
_9207393
245 0 _aMithri to sunjato
260 _c1973
942 _hO1593,3NKHx, L3
_cTEXL
_2cc
999 _c1049918
_d1049918